| 000 | 00599nam a22001697a 4500 | ||
|---|---|---|---|
| 005 | 20260219014128.0 | ||
| 008 | 260219b |||||||| |||| 00| 0 eng d | ||
| 020 | _a9812471383 | ||
| 040 | _cjhcsc | ||
| 082 |
_22 _a005.13 |
||
| 100 |
_910163 _aCarllo Bambino Q. Bacon | Grace S. Taradao | Onie B. Victoriano _eAuthor |
||
| 245 |
_aVisual Basic.Net _bHow to Program _cCarllo Bambino Q. Bacon | Grace S. Taradao | Onie B. Victoriano |
||
| 250 | _aSecond Edition | ||
| 260 |
_aSingapore _bPearson Education South Asia Pte Ltd. _cc2004 |
||
| 300 |
_aLIV, 1517p _bill. |
||
| 942 |
_2ddc _cBOOK _eSecond Edition |
||
| 999 |
_c11350 _d11350 |
||